|
|
|
|
| LEADER |
00000cam a2200000 7i4500 |
| 001 |
0000002864 |
| 002 |
000003100 |
| 005 |
20000330.0 |
| 020 |
|
|
|a 0861244419
|
| 090 |
0 |
0 |
|a 359.94835
|b YEN
|
| 100 |
1 |
|
|a Yenne, Bill
|
| 245 |
1 |
4 |
|a The pictorial history of American aircraft
|c Bill Yenne
|
| 260 |
|
|
|a London :
|b Brompton Books ,
|c 1988
|
| 300 |
|
|
|a 208p. :
|b ill. ;
|c 37cm.
|
| 650 |
0 |
0 |
|a Airplanes, Military
|z United States
|x History
|
| 999 |
|
|
|a 015575
|b BUKU
|c RUJUKAN
|e PERPUSTAKAAN KOMUNITI PETALING JAYA
|
| 999 |
|
|
|a 035217
|b BUKU
|c RUJUKAN
|e PERPUSTAKAAN KOMUNITI PETALING JAYA
|
| 999 |
|
|
|a 035218
|b BUKU
|c RUJUKAN
|e PERPUSTAKAAN KOMUNITI PETALING JAYA
|